000 01310cam a2200313 i 4500
001 62385
003 Mx-PuUPA
005 20251205132123.0
008 150413s1989 mx a gr 000 0 spa d
040 _aMx-PuUPA
_bspa
_cMx-PuUPA
_dMx-PuUPA
_erda
041 0 _aspa
043 _an-mx---
245 1 0 _aMaravilla americana :
_bvariantes de la iconografía Guadalupana siglos XVII - XIX /
_ccoordinación general y museográfica, Jorge Guadarrama
264 1 _aMéxico :
_bPatronato Cultural del Occidente,
_c1989
300 _a139 páginas :
_bilustraciones, fotografías ;
_c31 cm
336 _atexto
_2rdacontent
_btxt
336 _2rdacontent
_aimagen fija
_bsti
337 _asin medio
_2rdamedia
_bn
338 _avolumen
_2rdacarrier
_bnc
501 _a"Esta exposición forma parte de las actividades realizadas en el Festival Guadalajara '89, abril - junio, 1989" -- Portada
600 0 4 _aVirgen de Guadalupe
_xArte
_vExposiciones
600 0 4 _aVirgen María
_xApariciones y milagros
_vExposiciones
610 2 _aInstituto Cultural Cabañas (Guadalajara - México)
_vCatálogos
650 7 _2armarc
_aArte y simbolismo cristiano
_zMéxico
700 1 _aGuadarrama, Jorge,
_ecoordinador
_9271
942 _2ddc
_cLI
_h704.94855
_iM28
999 _c62385
_d62385